| 000 | 00000nam##2200000za#4500 |
| 001 | 9.698282 |
| 003 | CaOODSP |
| 005 | 20210624235846 |
| 007 | cr ||||||||||| |
| 008 | 150407|2000||||xxc|||||o f|0| 0 eng|d |
| 040 | |aCaOODSP|beng |
| 043 | |an-cn--- |
| 086 | 1 |aNS3-31/2000E-PDF |
| 110 | 2 |aNatural Sciences and Engineering Research Council of Canada. |
| 245 | 10|aFrom crisis to opportunity : |h[electronic resource]|brebuilding Canada's role in northern research : final report to NSERC and SSHRC from the Task Force on Northern Research |
| 260 | |aOttawa - Ontario : |bNatural Sciences and Engineering Research Council |cSeptember 2000. |
| 300 | |a47p.|btable, photographs |
| 500 | |aThe catalogue number (NS3-31/2000) and ISBN (0-662-65227-4) for the bilingual print edition have been incorrectly copied in this electronic publication. |
| 590 | |a13-18-Supp|b2013-08-01 |
| 690 | 07|aNorthern Canada|2gcpds |
| 690 | 07|aNorthern studies|2gcpds |
| 690 | 07|aPolicy|2gcpds |
| 775 | 08|tDe l'état de crise à la relance : |w(CaOODSP)9.642295 |
| 776 | 0#|tFrom crisis to opportunity : |w(CaOODSP)9.662153 |
| 776 | 0#|tDe l'état de crise à la relance : |w(CaOODSP)9.662154 |
| 856 | 40|ahttp://publications.gc.ca|qPDF|s502 KB|uhttps://publications.gc.ca/collections/Collection/NS3-31-2000E.pdf |